MARC details
| 000 -LEADER |
| fixed length control field |
01232nam a2200409 a 4500 |
| 001 - CONTROL NUMBER |
| control field |
21700 |
| 003 - CONTROL NUMBER IDENTIFIER |
| control field |
CZ PrNK |
| 005 - DATE AND TIME OF LATEST TRANSACTION |
| control field |
20260309094730.0 |
| 007 - PHYSICAL DESCRIPTION FIXED FIELD--GENERAL INFORMATION |
| fixed length control field |
ta |
| 008 - FIXED-LENGTH DATA ELEMENTS--GENERAL INFORMATION |
| fixed length control field |
130719s2013 xr a b 000 j slo |
| 015 ## - NATIONAL BIBLIOGRAPHY NUMBER |
| National bibliography number |
cnb002475641 |
| 020 ## - INTERNATIONAL STANDARD BOOK NUMBER |
| International Standard Book Number |
9788025226063 |
| Qualifying information |
(váz.) |
| 035 ## - SYSTEM CONTROL NUMBER |
| System control number |
(OCoLC)857953194 |
| 040 ## - CATALOGING SOURCE |
| Original cataloging agency |
OLA001 |
| Language of cataloging |
cze |
| Modifying agency |
ABA001 |
| 041 1# - LANGUAGE CODE |
| Language code of text/sound track or separate title |
slo |
| Language code of original |
eng |
| 072 #7 - SUBJECT CATEGORY CODE |
| Subject category code |
821-93 |
| Subject category code subdivision |
Literatura pro děti a mládež (beletrie) |
| Source |
Konspekt |
| 080 ## - UNIVERSAL DECIMAL CLASSIFICATION NUMBER |
| Universal Decimal Classification number |
821-93 |
| Edition identifier |
MRF |
| 080 ## - UNIVERSAL DECIMAL CLASSIFICATION NUMBER |
| Universal Decimal Classification number |
821-32 |
| Edition identifier |
MRF |
| 080 ## - UNIVERSAL DECIMAL CLASSIFICATION NUMBER |
| Universal Decimal Classification number |
(0:82-32) |
| Edition identifier |
MRF |
| 245 00 - TITLE STATEMENT |
| Title |
Barbie - príbeh morskej panny. |
| Number of part/section of a work |
2, |
| Name of part/section of a work |
Barbie zachraňuje podmorský svet / |
| Statement of responsibility, etc. |
[preložila Irena Novotná] |
| 246 30 - VARYING FORM OF TITLE |
| Title proper/short title |
Barbie zachraňuje podmorský svet |
| 246 18 - VARYING FORM OF TITLE |
| Title proper/short title |
Príbeh morskej panny 2 |
| 250 ## - EDITION STATEMENT |
| Edition statement |
1. vyd. |
| 260 ## - PUBLICATION, DISTRIBUTION, ETC. |
| Place of publication, distribution, etc. |
V Prahe : |
| Name of publisher, distributor, etc. |
Egmont, |
| Date of publication, distribution, etc. |
2013 |
| 300 ## - PHYSICAL DESCRIPTION |
| Extent |
31 s. : |
| Other physical details |
barev. il. ; |
| Dimensions |
24 x 25 cm |
| 490 1# - SERIES STATEMENT |
| Series statement |
Barbie |
| 500 ## - GENERAL NOTE |
| General note |
Přeloženo z angličtiny |
| 655 #7 - INDEX TERM--GENRE/FORM |
| Genre/form data or focus term |
příběhy |
| Source of term |
czenas |
| 655 #7 - INDEX TERM--GENRE/FORM |
| Genre/form data or focus term |
publikace pro děti |
| Source of term |
czenas |
| 655 #9 - INDEX TERM--GENRE/FORM |
| Genre/form data or focus term |
stories |
| Source of term |
eczenas |
| 655 #9 - INDEX TERM--GENRE/FORM |
| Genre/form data or focus term |
children's literature |
| Source of term |
eczenas |
| 765 0# - ORIGINAL LANGUAGE ENTRY |
| Title |
Barbie in a mermaid tale 2 |
| 830 #0 - SERIES ADDED ENTRY--UNIFORM TITLE |
| Uniform title |
Barbie |
| 901 ## - LOCAL DATA ELEMENT A, LDA (RLIN) |
| b |
9788025226063 |
| f |
1. vyd. |
| o |
20130807 |
| 910 ## - USER-OPTION DATA (OCLC) |
| User-option data |
ABA001 |
| 942 ## - ADDED ENTRY ELEMENTS (KOHA) |
| Source of classification or shelving scheme |
Dewey Decimal Classification |
| Koha item type |
Krásna literatúra pre deti |
| Suppress in OPAC |
No |